| 000 | 00716nac a22001571u 4500 | ||
|---|---|---|---|
| 008 | 081027s2006 xxu||||| |||| 00| 0 ara d | ||
| 020 | _a9771804537 | ||
| 082 |
_a379.62 _bع ث م _222 |
||
| 245 |
_aقبل أن يأتى الغرب ... : _bالحركة العلمية في مصر في القرن السابع عشر / _cناصر عبد الله عثمان |
||
| 260 |
_aالقاهرة : _bمطبعة دار الكتب والوثائق القومية ،2006 _c2006. |
||
| 300 |
_a400 ص : _bايض ؛ _c24 سم. |
||
| 504 | _aيحتوي علي إرجاعات ببليوجرافية ص 377-393 | ||
| 511 | _aCatalogued by: Sara | ||
| 650 |
_aالتعليم _913701 _xتاريخ _zمصر |
||
| 942 |
_cBB _k379.62 ع ث م _2ddc |
||
| 999 |
_c8175 _d8175 |
||